Statistics for Europe's Busiest Airports

Click here to take the quiz!

General Stats

  • This quiz has been taken 56,768 times
    (21,813 since last reset)
  • The average score is 38 of 51

Answer Stats

# City % Correct
80.1 mLondon (Heathrow)
100%
28.0 mLondon (Stansted)
100%
16.8 mLondon (Luton)
100%
46.1 mLondon (Gatwick)
100%
72.2 mParis (Charles de Gaulle)
99%
33.1 mParis (Orly)
99%
43.0 mRome
96%
57.9 mMadrid
96%
12.7 mBerlin (Schönefeld)
94%
22.0 mBerlin (Tegel)
94%
50.2 mBarcelona
93%
21.5 mMoscow (Vnukovo)
92%
29.4 mMoscow (Domodedovo)
92%
45.3 mMoscow (Sheremetyevo)
92%
71.0 mAmsterdam
91%
28.5 mOslo
89%
31.5 mDublin
87%
26.8 mStockholm
87%
24.1 mAthens
86%
29.0 mLisbon
85%
12.9 mMilan (Orio al Serio)
84%
24.7 mMilan (Malpensa)
84%
46.3 mMunich
83%
69.5 mFrankfurt
83%
25.7 mBrussels
82%
17.8 mWarsaw
81%
27.0 mVienna
81%
30.3 mCopenhagen
80%
28.3 mManchester
79%
20.8 mHelsinki
79%
68.0 mIstanbul (Atatürk)
76%
14.9 mBudapest
75%
16.8 mPrague
74%
18.1 mSaint Petersburg
73%
12.6 mKiev
71%
31.1 mZürich
69%
13.8 mBucharest
63%
17.2 mHamburg
63%
14.3 mEdinburgh
60%
11.0 mLyon
58%
11.2 mVenice
56%
12.4 mBirmingham
54%
17.7 mGeneva
54%
13.9 mNice
51%
13.0 mCologne / Bonn
50%
24.3 mDüsseldorf
42%
11.9 mPorto
41%
11.8 mStuttgart
31%
29.1 mPalma de Mallorca
29%
19.0 mMálaga
28%
14.0 mAlicante
15%

Score Distribution

Percentile by Number Answered

Percent of People with Each Score

Your Score History

You have not taken this quiz since the last reset